Autorský multimediálny slovník : Diplomová práca

Enregistré dans:
Détails bibliographiques
Auteur principal: Szarka, Pavol (Auteur)
Autres auteurs: Schreiber, Peter, 1960- (xxx)
Format: Manuscrit Livre
Langue:slovaque
Publié: Trnava : STU v Bratislave MtF KAIA, 2001
Sujets:
Tags: Ajouter un tag
Pas de tags, Soyez le premier à ajouter un tag!

MARC

LEADER 00000ntm a22000003a 4500
001 stu85567
005 20160719154732.5
008 040401s2001----xo------------------slo-d
040 |a STU  |b slo 
041 0 |a slo 
044 |a xo 
100 1 |a Szarka, Pavol  |4 aut 
245 1 |a Autorský multimediálny slovník :  |b Diplomová práca 
260 |a Trnava :  |b STU v Bratislave MtF KAIA,  |c 2001 
300 |a 69 s 
650 7 |a aplikovaná informatika a automatizácia v priemysle  |2 stusub 
650 7 |a počítačom podporovaná príprava výroby  |2 stusub 
700 1 |a Schreiber, Peter,  |d 1960-  |4 xxx  |u M6000  |U MTF Materiálovotechnologická fakulta  |T MTF Ústav aplikovanej informatiky, automatizácie a matematiky  |X 247  |U M6000  |Y 86  |7 A000000247 
996 |b 284M059269  |c M*DP-3909  |l MMSKP  |s P  |a 0  |w stu85567_0001